Chargement en cours...

Sthothravrindam /

Détails bibliographiques
Auteur principal: Vasudeva Sarma
Langue:Undetermined
Publié: Cochin : Saraswathi Industries , 1981.
LEADER 00429nam a2200133Ia 4500
001 72586
008 170722s9999 xx 000 0 und d
100 |a Vasudeva Sarma 
245 |a Sthothravrindam / 
260 |a Cochin :  |b Saraswathi Industries ,  |c 1981. 
300 |a 95 p.  |c 18cms 
942 |c GEN 
999 |c 101909  |d 101909 
952 |0 0  |1 0  |4 0  |6 Q_22417X_15M1  |7 0  |9 143214  |a LIB  |b LIB  |d 2017-08-12  |o Q22:417x 15M1  |p 191098  |r 2017-08-12  |v 8.00  |w 2017-08-12  |y GEN